[Event "Schachfestival 2020-Open"]
[Site "Bad Woerishofen"]
[Date "2020.03.11"]
[Round "6.24"]
[White "Harestad, Thor Geir"]
[Black "Woeltge, Carsten"]
[Result "1/2-1/2"]
[WhiteElo "2159"]
[BlackElo "1913"]
[PlyCount "38"]
[EventDate "2020.??.??"]
[WhiteTeam "Randaberg"]
[BlackTeam "SC Bonn-Beuel"]

1. d4 Nf6 2. c4 g6 3. Nc3 Bg7 4. e4 d6 5. f3 O-O 6. Bg5 Nc6 7. d5 Ne5 8. Qd2
Re8 9. f4 Ned7 10. Nf3 Nc5 11. Bd3 Nxd3+ 12. Qxd3 c6 13. O-O Qb6+ 14. Kh1 Ng4
15. Nd1 cxd5 16. cxd5 Bd7 17. a4 e6 18. h3 exd5 19. exd5 Ne3 1/2-1/2

[Event "Schachfestival 2020-Open"]
[Site "Bad Woerishofen"]
[Date "2020.03.11"]
[Round "6.25"]
[White "Behling, Robert"]
[Black "Pitschka, Claus"]
[Result "1/2-1/2"]
[WhiteElo "2025"]
[BlackElo "2150"]
[PlyCount "68"]
[EventDate "2020.??.??"]
[WhiteTeam "SAbt TSV Haunstetten"]
[BlackTeam "SC Garching 1980 e.V."]

1. c4 Nf6 2. Nc3 e5 3. Nf3 d6 4. d4 Nbd7 5. e4 Be7 6. Be2 c6 7. O-O O-O 8. Re1
Re8 9. Bf1 Bf8 10. Rb1 a6 11. a3 b5 12. b4 Qc7 13. Qb3 bxc4 14. Bxc4 Nb6 15.
Bd3 Be6 16. Qc2 h6 17. h3 Rec8 18. Na4 Nxa4 19. Qxa4 exd4 20. Nxd4 Bd7 21. Qc2
c5 22. Nf3 c4 23. Bf1 d5 24. exd5 Nxd5 25. Be3 Nxe3 26. Rxe3 Be6 27. Rc3 Be7
28. Nd4 Bd5 29. Bxc4 Bf6 30. Bxd5 Qxc3 31. Qxc3 Rxc3 32. Bxa8 Bxd4 33. Rd1 Bb6
34. Rd2 Rxa3 1/2-1/2

[Event "Schachfestival 2020-Open"]
[Site "Bad Woerishofen"]
[Date "2020.03.11"]
[Round "6.31"]
[White "Koch, Harald"]
[Black "Schelle, Artur"]
[Result "0-1"]
[WhiteElo "1957"]
[BlackElo "2165"]
[Annotator "chessorg"]
[PlyCount "54"]
[EventDate "2020.??.??"]
[WhiteTeam "SK Kissing"]
[BlackTeam "SC Tarrasch 45 Muenchen"]

1. c4 f5 2. Nf3 Nf6 3. g3 g6 4. Bg2 Bg7 5. d3 d6 6. Nc3 O-O 7. Qb3 c6 8. O-O
Na6 9. a3 Nc5 10. Qc2 e5 11. Bd2 Ne6 12. e3 Kh8 13. b4 g5 14. b5 f4 15. exf4
exf4 16. bxc6 bxc6 17. Nxg5 Nxg5 18. Bxc6 Bh3 19. Rfe1 Rc8 20. Bxf4 Ne6 21. Bb7
Rc7 22. Rab1 Nxf4 23. gxf4 Nh5 24. Nd5 Rcf7 25. Re3 Qh4 26. Nc3 Bd4 27. Bd5
Rg7+ 0-1

[Event "Schachfestival 2020-Open"]
[Site "Bad Woerishofen"]
[Date "2020.03.11"]
[Round "6.33"]
[White "Hahmann, Markus"]
[Black "Tennstedt, Andreas"]
[Result "0-1"]
[WhiteElo "1901"]
[BlackElo "2074"]
[PlyCount "52"]
[EventDate "2020.??.??"]
[WhiteTeam "SK Altenkirchen"]
[BlackTeam "SG Roedermark/Eppertshausen"]

1. e4 c5 2. Nf3 g6 3. d3 Bg7 4. g3 Nc6 5. c3 d6 6. Bg2 e6 7. O-O Nge7 8. Re1
O-O 9. Bg5 e5 10. h3 Be6 11. Qd2 Qd7 12. Kh2 b6 13. Bh6 Bxh6 14. Qxh6 f6 15.
Nbd2 d5 16. Rad1 d4 17. cxd4 Nxd4 18. Nxd4 cxd4 19. b3 Rac8 20. Rc1 Rc3 21. Bf1
Rfc8 22. Rxc3 dxc3 23. Nf3 Nc6 24. Rc1 Nb4 25. Ra1 c2 26. Qd2 Nxa2 0-1

[Event "Schachfestival 2020-Open"]
[Site "Bad Woerishofen"]
[Date "2020.03.11"]
[Round "6.36"]
[White "Schiffer, Steve Thomas"]
[Black "Riegler, Dieter"]
[Result "1/2-1/2"]
[WhiteElo "2074"]
[BlackElo "1940"]
[PlyCount "42"]
[EventDate "2020.??.??"]
[WhiteTeam "FB-Moerlenbach-Birkenau"]
[BlackTeam "SF Heidelberg"]

1. e4 c5 2. Nf3 d6 3. d4 cxd4 4. Nxd4 Nf6 5. Bd3 Nc6 6. Nxc6 bxc6 7. c4 e5 8.
Nc3 Be7 9. O-O Rb8 10. Qe2 O-O 11. h3 Be6 12. Rd1 Nd7 13. Be3 Rb7 14. Rd2 Nc5
15. Bc2 Qa5 16. Nd1 Qc7 17. b3 f6 18. Bxc5 dxc5 19. Nc3 Rbb8 20. Rad1 Rbd8 21.
Na4 Rd4 1/2-1/2

[Event "Schachfestival 2020-Open"]
[Site "Bad Woerishofen"]
[Date "2020.03.11"]
[Round "6.37"]
[White "Dewenter, Ulf"]
[Black "Schellmann, Frank"]
[Result "1-0"]
[WhiteElo "2164"]
[BlackElo "2003"]
[PlyCount "65"]
[EventDate "2020.??.??"]
[WhiteTeam "SC Weiße Dame Borbeck 25 e.V."]
[BlackTeam "DBSB"]

1. d4 f5 2. Nf3 Nf6 3. g3 g6 4. c3 Bg7 5. Qb3 e6 6. Bg2 Nc6 7. O-O O-O 8. Bg5
h6 9. Bxf6 Qxf6 10. Nbd2 d5 11. e3 b6 12. c4 Bb7 13. cxd5 Na5 14. Qc3 Bxd5 15.
Ne5 c5 16. Nd7 Qd8 17. Bxd5 Qxd7 18. Bxa8 cxd4 19. exd4 Bxd4 20. Qf3 Bxb2 21.
Rad1 Qc8 22. Qe2 Qxa8 23. Qxe6+ Kh8 24. Qxg6 Rf6 25. Qh5 Nc6 26. Nf3 Qc8 27.
Rb1 Bd4 28. Rbe1 Kg7 29. Nxd4 Nxd4 30. Re7+ Kf8 31. Rfe1 Ne6 32. R1xe6 Rxe6 33.
Qf7# 1-0

[Event "Schachfestival 2020-Open"]
[Site "Bad Woerishofen"]
[Date "2020.03.11"]
[Round "6.39"]
[White "Fiedler, Wolfgang"]
[Black "Lindenmair, Anton"]
[Result "1/2-1/2"]
[WhiteElo "2017"]
[BlackElo "1993"]
[Annotator "chessorg"]
[PlyCount "41"]
[EventDate "2020.??.??"]
[WhiteTeam "SK Zirndorf e.V."]
[BlackTeam "DBSB"]

1. Nf3 Nf6 2. g3 g6 3. Bg2 Bg7 4. O-O O-O 5. d3 d6 6. e4 e5 7. c4 Nc6 8. h3 a6
9. Nc3 Rb8 10. Nd5 Nxd5 11. cxd5 Ne7 12. Bd2 h6 13. Rc1 f5 14. Qc2 c6 15. dxc6
Nxc6 16. Qc4+ Kh7 17. exf5 Bxf5 18. g4 Bd7 19. Qe4 Ne7 20. Qe2 Bc6 21. Ne1
1/2-1/2

[Event "Schachfestival 2020-Open"]
[Site "Bad Woerishofen"]
[Date "2020.03.11"]
[Round "6.46"]
[White "Hehn, Hartmut"]
[Black "Carrasco, Paul"]
[Result "1-0"]
[WhiteElo "1991"]
[BlackElo "1917"]
[PlyCount "63"]
[EventDate "2020.??.??"]
[WhiteTeam "SV Ebersbach"]

1. Nf3 Nf6 2. d4 g6 3. e3 d5 4. Nbd2 Bg7 5. Ne5 O-O 6. Be2 Nbd7 7. f4 c5 8. c3
Qc7 9. Bf3 b6 10. g4 Bb7 11. O-O Rad8 12. Qe2 Qc8 13. Qg2 e6 14. g5 Nxe5 15.
fxe5 Ne8 16. h4 Bh8 17. Be2 Ng7 18. Nf3 Nf5 19. Bd2 c4 20. Kf2 Qd7 21. Rh1 Rfe8
22. h5 Bg7 23. Nh2 Bxe5 24. dxe5 d4 25. e4 dxc3 26. Bxc3 Qe7 27. Ng4 Qc5+ 28.
Ke1 Ne3 29. Nxe3 Qxe3 30. Rh3 Qf4 31. hxg6 fxg6 32. Qh2 1-0

[Event "Schachfestival 2020-Open"]
[Site "Bad Woerishofen"]
[Date "2020.03.11"]
[Round "6.50"]
[White "Mack, Thomas"]
[Black "Schoebel-Kroehn, Lucas"]
[Result "1/2-1/2"]
[WhiteElo "1908"]
[BlackElo "1965"]
[Annotator "chessorg"]
[PlyCount "31"]
[EventDate "2020.??.??"]
[WhiteTeam "Tarrasch Muenchen"]
[BlackTeam "Freibauer Moerlenbach"]

1. e4 c5 2. Nf3 Nc6 3. d4 cxd4 4. Nxd4 g6 5. Nc3 Bg7 6. Nb3 Nf6 7. g4 d5 8.
exd5 Nb4 9. Bb5+ Bd7 10. g5 Nh5 11. a3 Bxc3+ 12. bxc3 Nxc2+ 13. Qxc2 Bxb5 14.
c4 Bd7 15. Qc3 Rf8 16. O-O 1/2-1/2

[Event "Schachfestival 2020-Open"]
[Site "Bad Woerishofen"]
[Date "2020.03.11"]
[Round "6.51"]
[White "Kluegel, Jan"]
[Black "Doell, Detlef"]
[Result "0-1"]
[WhiteElo "1846"]
[BlackElo "2012"]
[PlyCount "78"]
[EventDate "2020.??.??"]
[BlackTeam "SK Zehlendorf e.V."]

1. d4 Nf6 2. Bf4 d6 3. e3 b6 4. Bd3 Bb7 5. Nf3 g6 6. Nc3 Bg7 7. h4 h6 8. Qd2
Nbd7 9. O-O-O e6 10. e4 a6 11. Kb1 Qe7 12. e5 dxe5 13. dxe5 Ng4 14. Qe2 O-O 15.
Qd2 Ndxe5 16. Nxe5 Nxe5 17. Bxh6 Nxd3 18. Bxg7 Kxg7 19. cxd3 Rh8 20. h5 Qf6 21.
h6+ Kh7 22. Ne4 Bxe4 23. dxe4 Rad8 24. Qe3 Rxd1+ 25. Rxd1 Rd8 26. Rc1 c5 27. g4
g5 28. Rh1 Qf4 29. Qxf4 gxf4 30. Kc2 Kg6 31. e5 Rh8 32. h7 Rxh7 33. Rd1 Rh2 34.
Rd2 Kg5 35. f3 Rxd2+ 36. Kxd2 Kh4 37. Kd3 Kg3 38. Ke4 c4 39. g5 b5 0-1

[Site "Bad Woerishofen"]
[Date "2020.03.11"]
[Round "7.1"]
[White "Santiago, Yago"]
[Black "Karpatchev, Alexandr"]
[Result "1/2-1/2"]
[WhiteElo "2493"]
[BlackElo "2412"]
[Annotator "chessorg"]
[PlyCount "184"]
[EventDate "2020.??.??"]
[BlackTeam "SF Bad Mergentheim"]

1. d4 d5 2. c4 dxc4 3. e4 Nf6 4. e5 Nd5 5. Bxc4 Nb6 6. Bd3 Nc6 7. Be3 Nb4 8.
Be4 f5 9. exf6 exf6 10. a3 f5 11. axb4 fxe4 12. Qh5+ g6 13. Qe5+ Kf7 14. Nc3
Bd6 15. Qxe4 Re8 16. Qf3+ Qf6 17. Qxf6+ Kxf6 18. Nf3 Nc4 19. O-O Bg4 20. b3 Nb6
21. Ne5 Be6 22. Ne4+ Kg7 23. Rfc1 Nd5 24. Nxd6 cxd6 25. Nc4 Red8 26. b5 a6 27.
Bg5 Rd7 28. Ra5 h6 29. Bd2 g5 30. Rca1 Rb8 31. bxa6 bxa6 32. Rxa6 Rxb3 33. Nxd6
Rd3 34. Ne4 Bf5 35. Nc5 Rxd2 36. Nxd7 Bxd7 37. Rd6 Nf6 38. h3 Be8 39. Raa6 Ng8
40. Ra7+ Kf8 41. d5 Rd1+ 42. Kh2 Rd2 43. Kg3 Rd3+ 44. Kg4 Rxd5 45. Rxd5 Nf6+
46. Kf5 Nxd5 47. Rh7 Ne7+ 48. Ke6 Ng8 49. g3 Bg6 50. Ra7 Be8 51. f4 gxf4 52.
gxf4 h5 53. Kf5 Ne7+ 54. Kg5 Ng8 55. f5 Bf7 56. f6 Be8 57. Rh7 Bf7 58. Kf5 Ke8
59. Ke5 Kf8 60. Kf5 Ke8 61. Rg7 Kf8 62. Rg1 Be8 63. Kg5 Bf7 64. Ra1 Be8 65. Ra7
Bf7 66. Rb7 Be8 67. Rc7 Bf7 68. h4 Be8 69. Rb7 Bf7 70. Ra7 Be8 71. Kf5 Nh6+ 72.
Ke6 Bf7+ 73. Kd6 Ng8 74. Ra8+ Be8 75. Ke6 Nh6 76. Rc8 Nf7 77. Rb8 Nh6 78. Rb4
Bf7+ 79. Ke5 Be8 80. Rb8 Nf7+ 81. Kf4 Nh6 82. Kg5 Ng8 83. Rd8 Kf7 84. Rd6 Kf8
85. Ra6 Bf7 86. Ra8+ Be8 87. f7 Kxf7 88. Kxh5 Kg7+ 89. Kg5 Nf6 90. Ra6 Nh5 91.
Ra7+ Bf7 92. Rb7 Nf6 1/2-1/2

[Event "Schachfestival 2020-Open"]
[Site "Bad Woerishofen"]
[Date "2020.03.11"]
[Round "7.6"]
[White "Arnold, Max"]
[Black "Vetokhin, Savva"]
[Result "0-1"]
[WhiteElo "2283"]
[BlackElo "2273"]
[Annotator "chessorg"]
[PlyCount "66"]
[EventDate "2020.??.??"]
[WhiteTeam "SK 1926 Ettlingen"]
[BlackTeam "Botvinnik chess club"]

1. e4 c5 2. b3 Nf6 3. e5 Nd5 4. Bb2 d6 5. Nf3 Nc6 6. Bb5 a6 7. Bxc6+ bxc6 8.
O-O Bg4 9. h3 Bh5 10. Re1 e6 11. Na3 Be7 12. Nc4 O-O 13. d4 Bxf3 14. Qxf3 cxd4
15. Bxd4 dxe5 16. Bxe5 f6 17. Bb2 e5 18. Rad1 Qc7 19. Ne3 Nf4 20. Nf5 Bc5 21.
b4 Bxb4 22. Re4 Bc5 23. Rc4 Qb6 24. Rxc5 Qxc5 25. Ba3 Qxc2 26. Qg4 g6 27. Nh6+
Kg7 28. Bxf8+ Rxf8 29. Rd7+ Kxh6 30. Qh4+ Nh5 31. g4 Qc1+ 32. Kg2 Qf4 33. a4
Rb8 0-1

[Event "Schachfestival 2020-Open"]
[Site "Bad Woerishofen"]
[Date "2020.03.11"]
[Round "7.7"]
[White "Pribyl, Viktor"]
[Black "Assaubayeva, Bibisara"]
[Result "0-1"]
[WhiteElo "2132"]
[BlackElo "2370"]
[PlyCount "74"]
[EventDate "2020.??.??"]

1. d4 Nf6 2. c4 c5 3. d5 e6 4. Nc3 exd5 5. cxd5 d6 6. Nf3 g6 7. Bf4 a6 8. a4
Bg7 9. h3 O-O 10. e3 Ne8 11. Be2 Nd7 12. Nd2 Ne5 13. Bg3 f5 14. f4 Nf7 15. O-O
Bd7 16. Nc4 Rb8 17. a5 Qe7 18. Bd3 Nc7 19. Qf3 Bxc3 20. bxc3 Nxd5 21. e4 Nxc3
22. exf5 Bxf5 23. Rae1 Qf6 24. Bxf5 gxf5 25. Ne5 Ne4 26. Nd7 Qg7 27. Bh4 Ne5
28. Nxe5 dxe5 29. Rd1 Rbe8 30. Rd5 c4 31. Be1 exf4 32. Bb4 Rf6 33. Rfd1 Ng5 34.
Qc3 f3 35. Kh2 Nxh3 36. Qxf3 Ng5 37. Qh5 Rh6 0-1

[Event "Schachfestival 2020-Open"]
[Site "Bad Woerishofen"]
[Date "2020.03.11"]
[Round "7.9"]
[White "Eckardt, Joshua"]
[Black "Klings, Peter"]
[Result "1-0"]
[WhiteElo "2270"]
[BlackElo "2161"]
[PlyCount "113"]
[EventDate "2020.??.??"]
[WhiteTeam "SK Koenigsspringer Iserlohn 1934"]
[BlackTeam "Freinbauer Moerlenbach"]

1. Nf3 Nf6 2. c4 e6 3. g3 a6 4. Bg2 b5 5. b3 Bb7 6. O-O c5 7. Nc3 b4 8. Na4 d6
9. d4 Nbd7 10. d5 exd5 11. Nh4 g6 12. cxd5 Bg7 13. Bb2 O-O 14. e4 Re8 15. Re1
a5 16. Qd2 Qc7 17. Rac1 Rad8 18. f4 Nb6 19. Nxb6 Qxb6 20. h3 Nxe4 21. Rxe4 Rxe4
22. Bxg7 Ree8 23. Bf6 c4+ 24. Qf2 Qxf2+ 25. Kxf2 Rc8 26. bxc4 Ba6 27. Bf1 Re4
28. Nf3 Rexc4 29. Bxc4 Rxc4 30. Rxc4 Bxc4 31. Bd8 a4 32. Ba5 b3 33. axb3 axb3
34. Nd2 Bxd5 35. Bb4 f6 36. Bxd6 Kf7 37. Ba3 Ke6 38. Nf3 Bc4 39. Bb2 Kf7 40.
Ke3 h6 41. h4 Bd5 42. Nd2 f5 43. Kd4 Be6 44. Ke5 Ke7 45. Ba3+ Kf7 46. Bc5 b2
47. Bd4 b1=B 48. Nxb1 Bc4 49. Nd2 Bd3 50. Kd6 Be2 51. Bc3 g5 52. hxg5 hxg5 53.
fxg5 Kg6 54. Bf6 Kh5 55. Ke5 Kg6 56. Kf4 Bd3 57. Nf3 1-0

[Event "Schachfestival 2020-Open"]
[Site "Bad Woerishofen"]
[Date "2020.03.11"]
[Round "7.11"]
[White "Dorst, Johannes"]
[Black "Woerl, Richard"]
[Result "1-0"]
[WhiteElo "2253"]
[BlackElo "2060"]
[Annotator "chessorg"]
[PlyCount "59"]
[EventDate "2020.??.??"]
[WhiteTeam "SK Marburg 1931/72"]
[BlackTeam "SC Schwarz-Weiss Nuernberg Sued e.V."]

1. e4 c5 2. Nf3 Nc6 3. Bb5 g6 4. Bxc6 dxc6 5. d3 Bg4 6. Be3 Bg7 7. Nbd2 b6 8.
Qc1 Nf6 9. h3 Bxf3 10. Nxf3 h6 11. a4 a5 12. O-O g5 13. Ne5 Nd7 14. Nc4 Ne5 15.
Nd2 g4 16. f4 gxf3 17. Nxf3 Nxf3+ 18. Rxf3 Bd4 19. c3 Bxe3+ 20. Qxe3 Ra7 21.
Raf1 e6 22. Rf6 Rd7 23. Qf4 Qc7 24. e5 Rg8 25. Rf3 h5 26. Rh6 h4 27. Rxh4 f5
28. exf6 Qxf4 29. Rhxf4 Kf7 30. Rh4 1-0

[Event "Schachfestival 2020-Open"]
[Site "Bad Woerishofen"]
[Date "2020.03.11"]
[Round "7.19"]
[White "Hornung, Hans"]
[Black "Schroeder, Wilfried"]
[Result "0-1"]
[WhiteElo "2053"]
[BlackElo "2190"]
[PlyCount "46"]
[EventDate "2020.??.??"]
[WhiteTeam "SK Klosterlechfeld"]
[BlackTeam "SV Wattenscheid 1930 e.V."]

1. c4 e6 2. Nf3 d5 3. b3 c5 4. e3 Nc6 5. cxd5 exd5 6. Bb5 Bd6 7. Bb2 Nf6 8. O-O
O-O 9. d4 cxd4 10. Nxd4 Ne5 11. Nd2 Ne4 12. N2f3 Bg4 13. Be2 Qe7 14. Nb5 Nxf3+
15. Bxf3 Bxf3 16. Qxf3 Be5 17. Ba3 Qd7 18. Bxf8 Bxa1 19. Rxa1 Qxb5 20. Ba3 Rc8
21. Rd1 Nc3 22. Bb2 d4 23. Qg4 f5 0-1

[Event "Schachfestival 2020-Open"]
[Site "Bad Woerishofen"]
[Date "2020.03.11"]
[Round "7.20"]
[White "Johnsen, Gunnar"]
[Black "Matzat, Andre"]
[Result "1-0"]
[WhiteElo "2170"]
[BlackElo "2002"]
[Annotator "chessorg"]
[PlyCount "51"]
[EventDate "2020.??.??"]
[WhiteTeam "Tromsø Sjakklubb"]
[BlackTeam "Oberhausener SV 1887 e.V."]

1. d4 Nf6 2. Nf3 e6 3. g3 b5 4. Bg2 Bb7 5. O-O c5 6. Bg5 Na6 7. e4 h6 8. Bxf6
Qxf6 9. Re1 Rb8 10. Nc3 b4 11. e5 Qd8 12. Ne4 Bxe4 13. Rxe4 Be7 14. a3 d5 15.
exd6 Qxd6 16. axb4 Rxb4 17. Qe2 Nc7 18. c3 Rb8 19. dxc5 Qxc5 20. Rc4 Qb6 21.
Ne5 Nd5 22. b4 O-O 23. Nd7 Qb5 24. Nxb8 Nxc3 25. Qd3 Rd8 26. Nd7 1-0

[Event "Schachfestival 2020-Open"]
[Site "Bad Woerishofen"]
[Date "2020.03.11"]
[Round "7.25"]
[White "Schelle, Artur"]
[Black "Valet, Richard"]
[Result "1-0"]
[WhiteElo "2165"]
[BlackElo "2034"]
[Annotator "chessorg"]
[PlyCount "35"]
[EventDate "2020.??.??"]
[WhiteTeam "SC Tarrasch 45 Muenchen"]
[BlackTeam "Greifswalder SV"]

1. d4 Nf6 2. Bg5 d5 3. Bxf6 gxf6 4. e3 c5 5. Nc3 Nc6 6. Nf3 Bg4 7. Be2 e6 8.
O-O Rg8 9. Re1 f5 10. Ne5 cxd4 11. exd4 Nxe5 12. dxe5 Bxe2 13. Qxe2 Qb6 14. Qh5
Rg7 15. Nxd5 exd5 16. e6 O-O-O 17. e7 Bxe7 18. Qxf5+ 1-0

[Event "Schachfestival 2020-Open"]
[Site "Bad Woerishofen"]
[Date "2020.03.11"]
[Round "7.28"]
[White "Pitschka, Claus"]
[Black "Saizew, Valeri"]
[Result "1-0"]
[WhiteElo "2150"]
[BlackElo "1993"]
[PlyCount "103"]
[EventDate "2020.??.??"]
[WhiteTeam "SC Garching 1980 e.V."]
[BlackTeam "SV Wuerselen 1926 e.V."]

1. d4 d5 2. Bf4 Nf6 3. e3 e6 4. c3 Bd6 5. Bxd6 Qxd6 6. f4 c5 7. Nf3 cxd4 8.
cxd4 Nc6 9. Nc3 O-O 10. Bd3 Ne7 11. O-O Bd7 12. Ne5 Nf5 13. Qe2 Qe7 14. g4 Nd6
15. Qf3 Kh8 16. g5 Nfe4 17. Nxe4 dxe4 18. Bxe4 Nxe4 19. Qxe4 Bb5 20. Rf3 f5 21.
Qc2 Rfc8 22. Qd1 Be8 23. Qd2 Rc7 24. Rc1 Rac8 25. Rff1 Bb5 26. Rfd1 a5 27. Rxc7
Qxc7 28. d5 exd5 29. Qxd5 Be8 30. Qd6 Qxd6 31. Rxd6 g6 32. Rb6 Rc7 33. Kf1 a4
34. a3 Kg8 35. h4 Rc1+ 36. Ke2 Rh1 37. Rxb7 Rxh4 38. Kd3 Kf8 39. Kd4 h6 40.
gxh6 Rxh6 41. Nf3 Bc6 42. Rb8+ Ke7 43. Ne5 Be4 44. Rb6 Rh2 45. Nxg6+ Kd8 46.
Ke5 Kc7 47. Rb4 Re2 48. Ne7 Rxe3 49. Nxf5 Bxf5+ 50. Kxf5 Re2 51. Rxa4 Rxb2 52.
Rd4 1-0

[Event "Schachfestival 2020-Open"]
[Site "Bad Woerishofen"]
[Date "2020.03.11"]
[Round "7.39"]
[White "Lindenmair, Anton"]
[Black "Herold, Gunther"]
[Result "1-0"]
[WhiteElo "1993"]
[BlackElo "1932"]
[Annotator "chessorg"]
[PlyCount "33"]
[EventDate "2020.??.??"]
[WhiteTeam "DBSB"]

1. d4 Nf6 2. c4 e5 3. dxe5 Ng4 4. Bf4 Nc6 5. Nf3 Bb4+ 6. Nbd2 Qe7 7. e3 Ngxe5
8. Nxe5 Nxe5 9. Be2 Bxd2+ 10. Qxd2 d6 11. O-O O-O 12. Rac1 b6 13. b4 Bb7 14. c5
dxc5 15. bxc5 f6 16. Qc2 Rfc8 17. Bxe5 1-0

[Event "Schachfestival 2020-Open"]
[Site "Bad Woerishofen"]
[Date "2020.03.11"]
[Round "7.43"]
[White "Fischer, Julie"]
[Black "Hipp, Hermann"]
[Result "1-0"]
[WhiteElo "2059"]
[BlackElo "1964"]
[PlyCount "43"]
[EventDate "2020.??.??"]
[WhiteTeam "Bischwiller"]

1. e4 c6 2. d4 d5 3. exd5 cxd5 4. Bd3 Nf6 5. c3 Nc6 6. Bf4 g6 7. Nd2 Bg7 8.
Ngf3 Nh5 9. Bg5 O-O 10. O-O Re8 11. Nh4 Qd6 12. f4 f6 13. Nxg6 fxg5 14. Qxh5
hxg6 15. Bxg6 g4 16. Bf7+ Kf8 17. Bxe8 Be6 18. f5 Bg8 19. Bxc6 bxc6 20. Nb3 g3
21. hxg3 Rb8 22. Nc5 1-0

[Event "Schachfestival 2020-Open"]
[Site "Bad Woerishofen"]
[Date "2020.03.11"]
[Round "7.51"]
[White "Schoebel-Kroehn, Lucas"]
[Black "Vetokhina, Sofia"]
[Result "1-0"]
[WhiteElo "1965"]
[BlackElo "1862"]
[PlyCount "55"]
[EventDate "2020.??.??"]
[WhiteTeam "Freibauer Moerlenbach"]
[BlackTeam "Botvinnik chess club"]

1. d4 g6 2. c4 Nf6 3. Nc3 Bg7 4. e4 d6 5. Bd3 O-O 6. Nge2 c5 7. d5 e6 8. O-O
exd5 9. exd5 Re8 10. Bg5 Nbd7 11. f4 Qb6 12. Qd2 Qa5 13. a4 Nb6 14. h3 Bd7 15.
b3 Nh5 16. Rad1 f5 17. Bh4 a6 18. Qc2 Nc8 19. g4 fxg4 20. f5 gxf5 21. Bxf5 Bxf5
22. Qxf5 Nb6 23. Qxh5 Bxc3 24. Qf7+ Kh8 25. Nxc3 Qxc3 26. Bf6+ Qxf6 27. Qxf6+
Kg8 28. Qg5+ 1-0

[Event "Schachfestival 2020-Open"]
[Site "Bad Woerishofen"]
[Date "2020.03.11"]
[Round "7.53"]
[White "Auschkalnis, Reinhard"]
[Black "Deues, Erik"]
[Result "1-0"]
[WhiteElo "1784"]
[BlackElo "1945"]
[Annotator "chessorg"]
[PlyCount "49"]
[EventDate "2020.??.??"]
[WhiteTeam "SC Bonn Beuel"]

1. e4 c5 2. Nf3 Nc6 3. Nc3 g6 4. d4 cxd4 5. Nxd4 Bg7 6. Be3 Nf6 7. Nb3 d6 8.
Be2 O-O 9. f4 a6 10. Bf3 e5 11. g3 Re8 12. Qe2 Be6 13. O-O-O Bxb3 14. cxb3 Rc8
15. Kb1 b5 16. Bc5 Qa5 17. Bxd6 Nd4 18. Qe3 b4 19. Na4 Nxf3 20. Qxf3 exf4 21.
e5 Rxe5 22. Bxe5 Qxe5 23. Qxf4 Qe2 24. Qxb4 Qc2+ 25. Ka1 1-0

[Event "Schachfestival 2020-Open"]
[Site "Bad Woerishofen"]
[Date "2020.03.11"]
[Round "7.55"]
[White "Funke, Joerg-Dietmar"]
[Black "Boldt, Heinrich"]
[Result "1-0"]
[WhiteElo "1922"]
[BlackElo "1835"]
[PlyCount "67"]
[EventDate "2020.??.??"]
[WhiteTeam "SC Naunhof"]
[BlackTeam "TSV Kareth-Lappersdorf"]

1. e4 d6 2. d4 Nf6 3. f3 Nbd7 4. c4 e5 5. d5 Be7 6. Ne2 c6 7. Be3 Nh5 8. Qd2 h6
9. Nbc3 c5 10. O-O-O Bg5 11. g4 Bxe3 12. Qxe3 Nhf6 13. Ng3 Nb6 14. h4 Nh7 15.
Nf5 Bxf5 16. exf5 Qe7 17. Bd3 O-O-O 18. Rdg1 f6 19. b3 a6 20. Ne4 Nd7 21. Kc2
Kc7 22. Rb1 b6 23. a4 a5 24. Ng3 Rde8 25. Rbe1 Qf7 26. Ne4 Qe7 27. Reg1 Ref8
28. Rg2 Rf7 29. g5 fxg5 30. hxg5 Rxf5 31. Nxc5 Nxc5 32. Bxf5 Nxg5 33. Rxg5 Rf8
34. Rgh5 1-0

[Event "Schachfestival 2020-Open"]
[Site "Bad Woerishofen"]
[Date "2020.03.11"]
[Round "7.56"]
[White "Mattes, Heinz"]
[Black "Kluegel, Jan"]
[Result "1-0"]
[WhiteElo "1926"]
[BlackElo "1846"]
[Annotator "chessorg"]
[PlyCount "61"]
[EventDate "2020.??.??"]
[WhiteTeam "Muenchener SC 1836 e.V."]

1. d4 d5 2. c4 c6 3. Nc3 Nf6 4. Nf3 dxc4 5. a4 Bf5 6. e3 e6 7. Bxc4 Bb4 8. O-O
O-O 9. h3 h6 10. Bd3 Bxd3 11. Qxd3 Nbd7 12. Rd1 Qe7 13. Na2 Ba5 14. b4 Bc7 15.
Nc3 Rfd8 16. b5 c5 17. Ba3 b6 18. e4 Rac8 19. Qe2 e5 20. d5 Bd6 21. Nd2 g5 22.
Nc4 Ne8 23. Rd3 Nf8 24. h4 Ng6 25. Bc1 Nxh4 26. Qh5 Kg7 27. Rg3 Ng6 28. Rh3 Nh4
29. Rxh4 Qf6 30. Bxg5 hxg5 31. Qh8+ 1-0

﻿

[Event "Schachfestival 2020-Open"]
[Site "Bad Woerishofen"]
[Date "2020.03.13"]
[Round "8.1"]
[White "Karpatchev, Alexandr"]
[Black "Akash G"]
[Result "0-1"]
[WhiteElo "2412"]
[BlackElo "2487"]
[Annotator "chessorg"]
[PlyCount "66"]
[EventDate "2020.??.??"]
[WhiteTeam "SF Bad Mergentheim"]

1. e4 c5 2. c3 Nf6 3. e5 Nd5 4. Nf3 Nc6 5. Bc4 Nb6 6. Bb3 c4 7. Bc2 d6 8. exd6
Qxd6 9. O-O Bg4 10. Re1 O-O-O 11. Qe2 Qf6 12. Be4 Bh5 13. b3 Ne5 14. bxc4 Nxf3+
15. Bxf3 Bxf3 16. gxf3 Qg6+ 17. Kh1 Qd3 18. a4 Nxc4 19. a5 Qxe2 20. Rxe2 Rd5
21. Ra4 Nxa5 22. c4 Rf5 23. d4 b6 24. d5 e6 25. Bd2 Bc5 26. Bxa5 bxa5 27. Rxa5
Bb6 28. Rb5 Kd7 29. Nc3 Rc8 30. Na4 Bd4 31. dxe6+ fxe6 32. c5 Rxf3 33. Kg2 Rcf8
0-1

[Event "Schachfestival 2020-Open"]
[Site "Bad Woerishofen"]
[Date "2020.03.13"]
[Round "8.2"]
[White "Vorobiov, Evgeny"]
[Black "Vetokhin, Savva"]
[Result "1-0"]
[WhiteElo "2534"]
[BlackElo "2273"]
[PlyCount "63"]
[EventDate "2020.??.??"]
[BlackTeam "Botvinnik chess club"]

1. Nf3 d5 2. d4 Nf6 3. c4 e6 4. Nc3 Be7 5. Bg5 O-O 6. e3 Nbd7 7. Rc1 c6 8. Bd3
b6 9. O-O Bb7 10. Qe2 Re8 11. Rfd1 Ne4 12. Bxe7 Nxc3 13. Bxh7+ Kh8 14. Rxc3
Qxe7 15. Bd3 g6 16. cxd5 exd5 17. Ba6 Bxa6 18. Qxa6 Qd6 19. Rdc1 Rec8 20. a3
Rc7 21. b4 Rac8 22. h3 b5 23. a4 bxa4 24. b5 Nb8 25. Qa5 Nd7 26. Ne5 Nxe5 27.
dxe5 Qe6 28. Rc5 Qxe5 29. bxc6 Qe4 30. Rd1 Rxc6 31. Qc3+ d4 32. Rxd4 1-0

[Event "Schachfestival 2020-Open"]
[Site "Bad Woerishofen"]
[Date "2020.03.18"]
[Round "8.3"]
[White "Santiago, Yago"]
[Black "Pap, Misa"]
[Result "1-0"]
[WhiteElo "2493"]
[BlackElo "2437"]
[Annotator "chessorg"]
[PlyCount "163"]
[EventDate "2020.??.??"]
[BlackTeam "SC Hansa Dortmund e.V."]

1. c4 e5 2. g3 Nc6 3. Nc3 g6 4. Bg2 Bg7 5. e3 f5 6. d3 Nf6 7. Nge2 O-O 8. O-O
d6 9. Rb1 a5 10. a3 g5 11. f4 gxf4 12. exf4 Nd4 13. Nd5 Ne8 14. fxe5 Nxe2+ 15.
Qxe2 dxe5 16. Be3 Ra6 17. Bc5 Rf7 18. Rbe1 Bd7 19. Bf3 c6 20. Nc3 b6 21. Be3 a4
22. Qg2 Qf6 23. c5 b5 24. Na2 Ra8 25. Nb4 Rc8 26. Rd1 Qg6 27. d4 e4 28. Be2 Nf6
29. d5 Nxd5 30. Nxd5 cxd5 31. Rxd5 Be6 32. Rd2 Bh6 33. Bxh6 Qxh6 34. Rc2 Rfc7
35. Rfc1 Bb3 36. Rc3 Rd8 37. Qf2 Rd2 38. Qxf5 Rf7 39. Qxe4 Bd5 40. Qg4+ Kh8 41.
Rf1 Re7 42. Qc8+ Bg8 43. Rf8 Qg7 44. Bf1 Qd4+ 45. Kh1 Qd5+ 46. Rcf3 Re1 47. Kg1
Qd4+ 48. Rf2 Rxf1+ 49. Kxf1 Rxf2+ 50. Rxf2 Qd1+ 51. Kg2 Qd5+ 52. Rf3 Qd2+ 53.
Kh3 Qh6+ 54. Kg4 Qg7+ 55. Kf5 Qf7+ 56. Ke4 Qc4+ 57. Ke5 Qd5+ 58. Kf4 Qd4+ 59.
Kf5 Qd5+ 60. Kf4 Qd4+ 61. Kf5 Qd5+ 62. Kg4 h5+ 63. Kf4 Qd2+ 64. Re3 Qf2+ 65.
Ke4 Qg2+ 66. Kf4 Qf2+ 67. Ke4 Qg2+ 68. Kd3 Qd5+ 69. Kc2 Qc4+ 70. Kd2 Qd4+ 71.
Ke2 Qxb2+ 72. Kf3 Qf6+ 73. Kg2 Qb2+ 74. Kh3 Qf2 75. Re5 Qf1+ 76. Kh4 Qc4+ 77.
g4 b4 78. Rxh5+ Kg7 79. Qc7+ Bf7 80. Qe5+ Kf8 81. Qd6+ Kg8 82. Qd8+ 1-0